Statistics for Olivia Rodrigo - GUTS (Tracklist)

Click here to take the quiz!

General Stats

  • This quiz has been taken 879 times
  • The average score is 11 of 12

Answer Stats

HintAnswer% Correct
3.vampire
97%
1.all-american bitch
96%
2.bad idea right?
95%
4.lacy
94%
8.get him back!
92%
5.ballad of a homeschooled girl
87%
12.teenage dream
87%
7.logical
86%
6.making the bed
86%
10.the grudge
86%
11.pretty isn't pretty
85%
9.love is embarrassing
78%

Score Distribution

Percentile by Number Answered

Percent of People with Each Score

Your Score History

You have not taken this quiz